000
00295nam a22001337a 4500
008
170627b xxu||||| |||| 00| 0 eng d
020
_a
9780415124195
041
_a
eng
080
_a
37
100
_a
21
101
_a
SHP
245
_a
EUROPEAN DEMOCRATIC CULTURE
_c
RIEU, A.M
942
_2
udc
_c
BK
999
_c
19130
_d
19130